Process dynamics and control

I tiakina i:
Ngā taipitopito rārangi puna kōrero
Ngā kaituhi matua: Seborg, Dale E (Author), Edgar, Thomas F (Author), Mllichamp, Duncan A (Author)
Hōputu: Pukapuka
Reo:Ingarihi
I whakaputaina: Singapur Widley-India 2005
Putanga:2a. ed
Ngā marau:
Ngā Tūtohu: Tāpirihia he Tūtohu
Kāore He Tūtohu, Me noho koe te mea tuatahi ki te tūtohu i tēnei pūkete!

MARC

LEADER 00000nam a2200000 a 4500
001 UCI4497
003 CL-VaPUC
008 080118e20050000si |||||||||||||||||eng|d
020 |a 8126508345 
082 0 4 |a 660.281  |b SEB  |2 21 
100 0 |a Seborg, Dale E  |e author  |9 526434 
700 0 |a Edgar, Thomas F  |e author  |9 526435 
700 0 |a Mllichamp, Duncan A  |e author  |9 526436 
245 1 0 |a Process dynamics and control 
250 |a 2a. ed 
300 |a 712 p 
942 |c BK 
945 |d 20080118 00:00:00  |a jtorresc 
260 |a Singapur  |b Widley-India  |c 2005 
650 7 |a SISTEMA DE CONTROL  |2 CL-VaPUC  |9 386018 
650 7 |a INGENIERIA QUIMICA  |2 CL-VaPUC  |9 8 
650 0 |a Teoría de control  |9 336624 
650 0 |a Procesos industriales  |9 334036 
583 |a last modification  |c 20171221 02:20:10  |k Rodrigo Vera 
999 |c 328427  |d 328425 
952 |0 0  |1 0  |4 0  |6 660_281000000000000_SEB_2005  |7 0  |8 A  |9 412328  |a BIBING  |b BIBING  |d 2019-11-22  |i 4403533  |o 660.281 SEB 2005  |p 4403533  |r 2025-01-20  |w 2019-11-22  |y BK  |k EIQ 
952 |0 0  |1 0  |4 0  |6 660_281000000000000_SEB_2005  |7 0  |8 A  |9 412329  |a BIBING  |b BIBING  |d 2019-11-22  |i 4403541  |o 660.281 SEB 2005  |p 4403541  |r 2025-01-20  |w 2019-11-22  |y BK  |k EIQ 
952 |0 0  |1 0  |4 0  |6 660_281000000000000_SEB_2005  |7 0  |8 A  |9 412330  |a BIBING  |b BIBING  |d 2019-11-22  |i 443398K  |o 660.281 SEB 2005  |p 443398K  |r 2025-01-20  |w 2019-11-22  |y BK  |k EIQ 
952 |0 0  |1 0  |4 0  |6 660_281000000000000_SEB_2005  |7 0  |8 A  |9 412331  |a BIBING  |b BIBING  |d 2019-11-22  |i 4433998  |l 1  |m 2  |o 660.281 SEB 2005  |p 4433998  |r 2025-04-08  |s 2025-03-19  |w 2019-11-22  |y BK  |k EIQ 
952 |0 0  |1 0  |4 0  |6 660_281000000000000_SEB_2005  |7 0  |8 A  |9 412332  |a BIBING  |b BIBING  |d 2019-11-22  |i 4434005  |o 660.281 SEB 2005  |p 4434005  |r 2025-01-20  |w 2019-11-22  |y BK  |k EIQ 
952 |0 0  |1 0  |4 0  |6 660_281000000000000_SEB_2005  |7 0  |8 A  |9 412333  |a BIBING  |b BIBING  |d 2019-11-22  |i 4434013  |o 660.281 SEB 2005  |p 4434013  |r 2025-01-20  |w 2019-11-22  |y BK  |k EIQ